000 01745nam0a2200325 4500
001 RU\NLR\bibl\61449
005 20260407113847.0
035 _a(NLR Aleph) 000059950
090 _a326049
_c326049
100 _a19991201d1999 |||y0rusy50 ca
101 0 _arus
102 _aRU
105 _ay |||||||||
200 1 _aНовые законы и нормативные акты О дополнительных мерах, направленных на погашение задолженности по выплатам государственных пенсий, новые льготы для военнослужащих и их семей
_fРос. газ., Газ.-журн. об-ние "Воскресенье"
210 _aМ.
_cБ-чка РГ
_d1999
215 _a112 с.
_d20
225 1 _aБиблиотечка "Российской газеты"
300 _aНа обл.: Прил. 14
606 0 _aПенсии
_jЗаконы, постановления и т.п.
_xЗадолженность
_xГосударственное регулирование
_yРоссийская Федерация
_92134654
_3RU\NLR\auth\661287356
606 0 _aПенсии
_jЗаконодательные материалы
_xЗадолженность
_xГосударственное регулирование
_yРоссийская Федерация
_92134654
_3RU\NLR\auth\661287356
686 _aХ621.159.1
712 0 2 _4570
_a"Российская газета"
_cМосква
_3RU\NLR\AUTH\889945503
_9386425
801 0 _aRU
_bNLR
_c19991201
_gPSBO
801 1 _aRU
_bNLR
_c19991201
852 _aNLR
_j99-3/15018
942 _cBOOK
980 _aNB